Components of major types of weeds in lowland paddy field in prey veng, kampong cham, kampong thom and siem reap province សមាសភាពនៃរុក្ខជាតិចង្រៃសំខាន់ៗលើដំណាំស្រូវតំបន់ វាលទំនាប់ ក្នុងខេត្តព្រៃវែង កំពង់ចាម កំពង់ធំ និងខេត្តសៀមរាប (Record no. 816)

000 -LEADER
fixed length control field 00786nam a22001577a 4500
003 - CONTROL NUMBER IDENTIFIER
control field OSt
005 - DATE AND TIME OF LATEST TRANSACTION
control field 20150919104055.0
008 - FIXED-LENGTH DATA ELEMENTS--GENERAL INFORMATION
fixed length control field 150919b xxu||||| |||| 00| 0 eng d
040 ## - CATALOGING SOURCE
Transcribing agency RUA
082 ## - DEWEY DECIMAL CLASSIFICATION NUMBER
Classification number AGR HOK 2006 B034 Or.1
100 ## - MAIN ENTRY--PERSONAL NAME
9 (RLIN) 846
Personal name HOK, LYDA.
245 ## - TITLE STATEMENT
Title Components of major types of weeds in lowland paddy field in prey veng, kampong cham, kampong thom and siem reap province សមាសភាពនៃរុក្ខជាតិចង្រៃសំខាន់ៗលើដំណាំស្រូវតំបន់ វាលទំនាប់ ក្នុងខេត្តព្រៃវែង កំពង់ចាម កំពង់ធំ និងខេត្តសៀមរាប
260 ## - PUBLICATION, DISTRIBUTION, ETC. (IMPRINT)
Place of publication, distribution, etc. Phnom Penh
Name of publisher, distributor, etc. RUA
Date of publication, distribution, etc. 2006
300 ## - PHYSICAL DESCRIPTION
Extent 42p.
Other physical details ill.
Dimensions 9cm.
942 ## - ADDED ENTRY ELEMENTS (KOHA)
Source of classification or shelving scheme
Koha item type AGR
Holdings
Price effective from Date last seen Permanent Location Not for loan Date acquired Date last checked out Source of classification or shelving scheme Koha item type Total Checkouts Barcode Lost status Damaged status Withdrawn status Current Location Full call number
2015-09-192018-06-20Library Block B 2015-09-192018-06-11 AGR2RUA008027   Library Block BAGR HOK 2006 B034 Or.1
មជ្ឈមណ្ឌលឯការនៃសាកលវិទ្យាល័យភូមិន្ទកសិកម្មចំការដូង

Powered by Koha